00408nam a2200157Ia 4500003000400000005001700004008004000021020001500061040000700076041000800083082001500091100001500106245007500121260004100196300001300237OSt20250709093242.0210210b2007 xxu||||| |||| 00| 0 eng d a8121901456 cAL aeng a581.4 PANP aPandey B P aPlant anatomyb: including embryology and morphogenesis of angiosperms aNew DelhibS. Chand & Co. Ltd.c2007 aix,517p.